书目信息 |
| 题名: |
Windows NT/2000中文Inranet的组建和管理教程
|
|
| 作者: | 李明柱 , 王西平 编著 | |
| 分册: | ||
| 出版信息: | 北京 北京航空航天大学出版社 2001.12 |
|
| 页数: | 386页 | |
| 开本: | 26cm | |
| 丛书名: | ||
| 单 册: | ||
| 中图分类: | TP316.86 | |
| 科图分类: | ||
| 主题词: | 软件 | |
| 电子资源: | ||
| ISBN: | 7-81077-114-0 | |
| 000 | 00691nam0 2200205 45 | |
| 001 | 0441672272 | |
| 005 | 2004070411343226 | |
| 010 | @a7-81077-114-0@dCNY 38.00 | |
| 100 | @a20040704d2001 km y0chiy0120 ea | |
| 101 | 0 | @achi |
| 102 | @aCN@b110000 | |
| 200 | 1 | @aWindows NT/2000中文Inranet的组建和管理教程@AWindows NT/2000 Zhong Wen Inranet De Zu Jian He Guan Li Jiao Cheng@f李明柱,王西平编著@FLi Ming Zhu,Wang Xi Ping Bian Zhu |
| 210 | @a北京@c北京航空航天大学出版社@d2001.12 | |
| 215 | @a386页@d26cm | |
| 606 | 0 | @a软件 |
| 690 | @aTP316.86@v3 | |
| 701 | 0 | @a李明柱@ALi Ming Zhu@4编著 |
| 701 | 0 | @a王西平@AWang Xi Ping@4编著 |
| 801 | 0 | @aCN@bPFT@c20040704 |
| 905 | @a安徽大学@dTP316.86@eL219 | |
| Windows NT/2000中文Inranet的组建和管理教程/李明柱,王西平编著.-北京:北京航空航天大学出版社,2001.12 |
| 386页;26cm |
| ISBN 7-81077-114-0:CNY 38.00 |
| ● |
| 相关链接 |
|
|
|
正题名:Windows NT/2000中文Inranet的组建和管理教
索取号:TP316.86/L219
 
预约/预借
| 序号 | 登录号 | 条形码 | 馆藏地/架位号 | 状态 | 备注 |
| 1 | 382983 | 203829839 | 自科库301/301自科库 58排7列2层/ [索取号:TP316.86/L219] | 在馆 | |
| 2 | 382984 | 203829848 | 自科库301/ [索取号:TP316.86/L219] | 在馆 |